Części skoczni narciarskiej - Statystyki

Ogólne statystyki
  • Ten quiz został rozwiązany 222 razy
    205 od ostatniego zresetowania
  • Średni wynik to 4 z 8
Odpowiedzi na mapie
Odpowiedzi zakodowano w zielono-czerwonej skali na mapie do tego quizu, zgodnie z poniższymi procentami.
 
Statystyki odpowiedzi
Część skoczni % Poprawnych
Rozbieg
93%
Bula
86%
Punkt K
69%
Belka Startowa
60%
Próg
54%
Linia Bezpieczeństwa
14%
Dojazd
10%
Szpaler Choinek
6%
Nie znaleziono quizów pasujących do podanych kryteriów
Rozkład punktacji
Procent ludzi z każdym wynikiem
Percentyl według liczby udzielonych odpowiedzi
Twoja historia wyników
Nie rozwiązałeś tego quizu od ostatniego zresetowania